| 000 | 00704nam a2200229 a 4500 | ||
|---|---|---|---|
| 005 | 20140310183353.0 | ||
| 008 | 130406s19uu xx 00 eng d | ||
| 020 | _a9780323074476 | ||
| 050 |
_aQR 181 _b.Ac258 2012 |
||
| 100 | _aActor, Jeffrey K. | ||
| 245 |
_aElsevier's integrated immunology and microbiology / _cJeffrey K. Actor. |
||
| 250 | _a2nd ed. | ||
| 260 |
_aPhiladelphia, PA : _bElsvier / Saunder, _c2012. |
||
| 300 |
_a174 p. : _bill. col. ; _c28 cm. |
||
| 440 | _aIntegrated review immunology and microbiology | ||
| 500 | _aIncludes index | ||
| 521 | _aNUR | ||
| 650 | _aImmune system phenomena | ||
| 650 | _aMicrobiological phenomena | ||
| 942 |
_cBK _2lcc _kFOR |
||
| 999 |
_c22150 _d22150 |
||